000
00303 a2200145 4500
001
168725
020
_a
040
_c
Magnum
100
_a
Rosell, Josep
240
1
0
_a
A terra e sua. cuide dela!
_l
por
245
1
0
_a
A terra e sua. cuide dela!
362
0
_a
1899
697
_a
ECOLOGIA
942
_c
BK
999
_c
168725
_d
168725